[Event "Bogota Distrito Capital op-A"]
[Site "Bogota"]
[Date "2024.09.22"]
[Round "9"]
[White "Suarez Duarte, Walter Camilo"]
[Black "Guarin Fonseca, Nobel Alfredo"]
[Result "0-1"]
[WhiteElo "2006"]
[BlackElo "2061"]
[PlyCount "64"]
[EventDate "2024.09.18"]
[EventType "swiss"]
[EventRounds "9"]
[EventCountry "COL"]
[SourceTitle "EXT 2025"]
[Source "ChessBase"]
[SourceDate "2024.10.14"]
[SourceVersion "1"]
[SourceVersionDate "2024.10.14"]
[SourceQuality "1"]

1. e4 b6 2. d4 e6 3. Bd3 Bb7 4. Nf3 c5 5. c3 cxd4 6. cxd4 Nf6 7. Qe2 Nc6 8. Nc3 d6 9. a3 Be7 10. 0-0 0-0 11. d5 exd5 12. Nxd5 Nxd5 13. exd5 Ne5 14. Nxe5 dxe5 15. Qxe5 Qxd5 16. Qg3 Rad8 17. Be2 Bd6 18. Qg5 Qe6 19. Be3 Be5 20. Rac1 Bxb2 21. Rc7 Be4 22. Bc4 Bd5 23. Ba6 h6 24. Qh4 Qg6 25. Qg3 Qe4 26. Rxa7 Be5 27. Bd3 Qxd3 28. Qxe5 Rfe8 29. Qc7 Bc4 30. Re1 Qd1 31. Qxc4 Qxe1+ 32. Qf1 Rd1 0-1

[Event "Bogota Bonita op"]
[Site "Bogota"]
[Date "2019.09.28"]
[Round "4"]
[White "Cardenas Briceno, Eloy"]
[Black "Suarez Duarte, Walter Camilo"]
[Result "0-1"]
[WhiteElo "1479"]
[BlackElo "1993"]
[PlyCount "53"]
[EventDate "2019.09.26"]
[EventType "swiss"]
[EventRounds "7"]
[EventCountry "COL"]
[SourceTitle "EXT 2020"]
[Source "ChessBase"]
[SourceDate "2019.10.17"]
[SourceVersion "1"]
[SourceVersionDate "2019.10.17"]
[SourceQuality "1"]

1. e4 d6 2. Nf3 g6 3. Nc3 Bg7 4. Bc4 e5 5. d3 Nf6 6. Bg5 h6 7. Bh4 0-0 8. d4 Nbd7 9. dxe5 dxe5 10. Nd5 g5 11. Nxg5 hxg5 12. Bxg5 c6 13. Nxf6+ Nxf6 14. Qf3 Be6 15. Bd3 Qa5+ 16. c3 Nh7 17. h4 Nxg5 18. hxg5 Rfd8 19. a3 Rd7 20. 0-0-0 Rad8 21. g4 c5 22. Qe2 Qa4 23. Rh3 Bb3 24. Rdh1 c4 25. Bc2 Bxc2 26. Qxc2 Qxc2+ 27. Kxc2 0-1

[Event "COL-ch Amateur"]
[Site "Colombia"]
[Date "2014.03.15"]
[Round "7"]
[White "Carreno Acevedo, Jhonatan Robert"]
[Black "Suarez Duarte, Walter Camilo"]
[Result "1-0"]
[WhiteElo "1887"]
[BlackElo "1993"]
[PlyCount "35"]
[EventDate "2014.03.12"]
[EventType "swiss"]
[EventRounds "9"]
[EventCountry "COL"]
[SourceTitle "CBM 159 Extra"]
[Source "ChessBase"]
[SourceDate "2014.04.24"]
[SourceVersion "1"]
[SourceVersionDate "2014.04.24"]
[SourceQuality "1"]

1. e4 d5 2. exd5 Qxd5 3. Nc3 Qd8 4. d4 Nf6 5. h3 g6 6. Nf3 Bg7 7. Be3 Bf5 8. Bd3 Bxd3 9. Qxd3 c6 10. 0-0 0-0 11. Rfe1 Nbd7 12. Rad1 e6 13. Qd2 a5 14. Bh6 a4 15. Bxg7 Kxg7 16. Ne5 Nxe5 17. dxe5 Qxd2 18. exf6+ 1-0

[Event "Bogota McGregor op 3rd"]
[Site "Bogota"]
[Date "2012.12.15"]
[Round "6"]
[White "Patino, Jairo"]
[Black "Suarez Duarte, Walter Camilo"]
[Result "0-1"]
[WhiteElo "1636"]
[BlackElo "2011"]
[PlyCount "82"]
[EventDate "2012.12.12"]
[EventType "swiss"]
[EventRounds "9"]
[EventCountry "COL"]
[SourceTitle "EXT 2014"]
[Source "ChessBase"]
[SourceDate "2013.11.20"]
[SourceVersion "1"]
[SourceVersionDate "2013.11.20"]
[SourceQuality "1"]

1. Nf3 f5 2. g3 b6 3. Bg2 Bb7 4. c4 Nf6 5. Nc3 e6 6. d4 d6 7. 0-0 h6 8. b4 Be7 9. Bb2 Nbd7 10. a4 a5 11. b5 Ne4 12. Nd2 Ndf6 13. d5 Nxc3 14. Bxc3 e5 15. Ra3 0-0 16. Qc2 Nd7 17. Bh3 e4 18. Nb3 Bc8 19. Ba1 h5 20. Nd4 Nc5 21. f3 Bf6 22. Nc6 Qe8 23. Bxf6 Rxf6 24. fxe4 fxe4 25. Bxc8 Rxf1+ 26. Kxf1 Qf7+ 27. Kg1 Rxc8 28. Re3 Rf8 29. Qc1 Qf2+ 30. Kh1 Qf1+ 31. Qxf1 Rxf1+ 32. Kg2 Ra1 33. Nd4 Rxa4 34. Rc3 Ra1 35. Kf2 a4 36. Ke3 Kf7 37. Ne6 Nxe6 38. dxe6+ Kxe6 39. Kxe4 Rb1 40. Ra3 Rb2 41. Kd3 Rb3+ 0-1

[Event "Bogota McGregor op 3rd"]
[Site "Bogota"]
[Date "2012.12.12"]
[Round "2"]
[White "Hernandez, Cristian Andres"]
[Black "Suarez Duarte, Walter Camilo"]
[Result "1-0"]
[WhiteElo "2120"]
[BlackElo "2011"]
[PlyCount "69"]
[EventDate "2012.12.12"]
[EventType "swiss"]
[EventRounds "9"]
[EventCountry "COL"]
[SourceTitle "EXT 2014"]
[Source "ChessBase"]
[SourceDate "2013.11.20"]
[SourceVersion "1"]
[SourceVersionDate "2013.11.20"]
[SourceQuality "1"]

1. e4 e5 2. Nf3 Nc6 3. Bb5 Nf6 4. Qe2 a6 5. Ba4 Be7 6. 0-0 b5 7. Bb3 0-0 8. c3 d6 9. Rd1 Na5 10. Bc2 c5 11. d4 Qc7 12. d5 c4 13. Nbd2 Nb7 14. Nf1 Bd7 15. h3 Rfb8 16. g4 Be8 17. Ng3 g6 18. g5 Nd7 19. Nh2 Nbc5 20. Ng4 Qd8 21. h4 f6 22. Nh6+ Kh8 23. Qg4 Bf8 24. gxf6 Nxf6 25. Qf3 Bg7 26. Bg5 Ncd7 27. Ng4 Qe7 28. h5 gxh5 29. Ne3 Bg6 30. Ngf5 Bxf5 31. Nxf5 Qf8 32. Kh1 Re8 33. Rg1 Ng4 34. Qe2 Bh6 35. Rxg4 1-0

[Event "Santander UDI University op U27"]
[Site "Santander"]
[Date "2012.04.02"]
[Round "8"]
[White "Suarez Duarte, Walter Camilo"]
[Black "Quintero Rangel, Edwin"]
[Result "1-0"]
[WhiteElo "2012"]
[BlackElo "1863"]
[PlyCount "51"]
[EventDate "2012.03.29"]
[EventType "swiss"]
[EventRounds "9"]
[EventCountry "COL"]
[SourceTitle "CBM 147 Extra"]
[Source "ChessBase"]
[SourceDate "2012.04.24"]
[SourceVersion "1"]
[SourceVersionDate "2012.04.24"]
[SourceQuality "1"]

1. e4 e5 2. Nf3 Nc6 3. Bb5 a6 4. Bxc6 dxc6 5. 0-0 f6 6. d4 exd4 7. Nxd4 c5 8. Ne2 Qxd1 9. Rxd1 Bd6 10. Nbc3 Bg4 11. f3 Bh5 12. Bf4 0-0-0 13. Nd5 Ne7 14. Bxd6 Nxd5 15. Bxc5 b6 16. Rxd5 Rxd5 17. exd5 bxc5 18. Nf4 Bf7 19. Ne6 Bxe6 20. dxe6 Re8 21. Re1 c6 22. f4 f5 23. Kf2 Kc7 24. Re5 g6 25. e7 Kd6 26. Ke3 1-0

[Event "Santander UDI University op U27"]
[Site "Santander"]
[Date "2012.03.30"]
[Round "3"]
[White "Soto, Cristian Camilo"]
[Black "Suarez Duarte, Walter Camilo"]
[Result "1-0"]
[WhiteElo "1787"]
[BlackElo "2012"]
[PlyCount "87"]
[EventDate "2012.03.29"]
[EventType "swiss"]
[EventRounds "9"]
[EventCountry "COL"]
[SourceTitle "CBM 147 Extra"]
[Source "ChessBase"]
[SourceDate "2012.04.24"]
[SourceVersion "1"]
[SourceVersionDate "2012.04.24"]
[SourceQuality "1"]

1. c4 Nf6 2. Nc3 e5 3. Nf3 Nc6 4. g3 Bb4 5. Bg2 0-0 6. 0-0 Bxc3 7. bxc3 Re8 8. d3 e4 9. Nd4 exd3 10. exd3 Nxd4 11. cxd4 d5 12. Bg5 h6 13. Bxf6 Qxf6 14. Qf3 Qxd4 15. Qxd5 Rd8 16. Qxd4 Rxd4 17. Rfe1 Kf8 18. Re3 Rb8 19. Rb1 b6 20. Rbe1 Bd7 21. Re7 Re8 22. Rxe8+ Bxe8 23. Rd1 Ba4 24. Rd2 Ke7 25. Kf1 Kd6 26. Ke2 Bc6 27. Ke3 Rg4 28. Bh3 Rg5 29. f4 Ra5 30. Rc2 Ra3 31. Bg4 Ba4 32. Rb2 Kc5 33. Bf3 Rc3 34. Bd5 f6 35. Rd2 a5 36. Rb2 b5 37. Bg8 b4 38. g4 Bc2 39. Bh7 Bd1 40. h3 a4 41. Rd2 Bc2 42. Rxc2 Rxc2 43. d4+ Kxc4 44. Bxc2 1-0

[Event "Bogota McGregor op 2nd"]
[Site "Bogota"]
[Date "2011.12.10"]
[Round "8"]
[White "Prieto, Ernesto"]
[Black "Suarez Duarte, Walter Camilo"]
[Result "1/2-1/2"]
[WhiteElo "2114"]
[BlackElo "1988"]
[PlyCount "96"]
[EventDate "2011.12.06"]
[EventType "swiss"]
[EventRounds "10"]
[EventCountry "COL"]
[SourceTitle "CBM 145 Extra"]
[Source "ChessBase"]
[SourceDate "2012.01.03"]
[SourceVersion "1"]
[SourceVersionDate "2012.01.03"]
[SourceQuality "1"]

1. e4 c5 2. Nf3 d6 3. d4 cxd4 4. Nxd4 Nf6 5. Nc3 a6 6. h3 e6 7. g4 Be7 8. Bg2 Nfd7 9. Be3 Nc6 10. Qe2 0-0 11. 0-0-0 Nxd4 12. Bxd4 b5 13. e5 d5 14. Nxd5 exd5 15. Bxd5 Rb8 16. e6 fxe6 17. Bxe6+ Kh8 18. h4 Bf6 19. Bxf6 Rxf6 20. g5 Rf8 21. Qg4 Qc7 22. Bxd7 Rxf2 23. c3 b4 24. Rhe1 Bxd7 25. Rxd7 Qh2 26. Qe4 bxc3 27. bxc3 Rf4 28. Qe8+ Rf8 29. Qe2 Qf4+ 30. Qd2 Qf5 31. Qd3 Qf4+ 32. Qd2 Qa4 33. Qd4 Qa3+ 34. Kd2 Qxa2+ 35. Kd3 Rf3+ 36. Ke4 Rf7 37. Rxf7 Qxf7 38. Kd3 Qf5+ 39. Qe4 Qb5+ 40. c4 Qb3+ 41. Ke2 Qh3 42. Rb1 Rf8 43. Rb7 Qh2+ 44. Ke1 Qg1+ 45. Ke2 Rd8 46. Rd7 Rf8 47. Rf7 Rb8 48. Rb7 Rd8 1/2-1/2

[Event "Bogota McGregor op 2nd"]
[Site "Bogota"]
[Date "2011.12.06"]
[Round "2"]
[White "Rios Gomez, Cristhian Camilo"]
[Black "Suarez Duarte, Walter Camilo"]
[Result "1-0"]
[WhiteElo "2388"]
[BlackElo "1988"]
[PlyCount "51"]
[EventDate "2011.12.06"]
[EventType "swiss"]
[EventRounds "10"]
[EventCountry "COL"]
[SourceTitle "CBM 145 Extra"]
[Source "ChessBase"]
[SourceDate "2012.01.03"]
[SourceVersion "1"]
[SourceVersionDate "2012.01.03"]
[SourceQuality "1"]

1. d4 Nf6 2. c4 g6 3. Nc3 d5 4. Nf3 Bg7 5. Qb3 dxc4 6. Qxc4 0-0 7. e4 c6 8. Qb3 Qb6 9. Qc2 Bg4 10. Be3 Nfd7 11. Nd2 Qd8 12. h3 Be6 13. Nf3 Nb6 14. Rd1 N8d7 15. b3 Nf6 16. Be2 Qc7 17. 0-0 h6 18. Ne5 Nfd7 19. Nd3 Rfd8 20. Qd2 Kh7 21. Rc1 a6 22. Bf4 Qc8 23. d5 Bxc3 24. Rxc3 Bxd5 25. exd5 Nxd5 26. Rc4 1-0

[Event "Bucaramanga UDI-ch"]
[Site "Bucaramanga"]
[Date "2011.04.15"]
[Round "7.10"]
[White "Rodriguez, Jose Luis"]
[Black "Suarez Duarte, Walter Camilo"]
[Result "1-0"]
[WhiteElo "2032"]
[BlackElo "1967"]
[PlyCount "68"]
[EventDate "2011.04.15"]
[EventType "swiss"]
[EventRounds "9"]
[EventCountry "COL"]
[SourceTitle "EXT 2024"]
[Source "ChessBase"]
[SourceDate "2023.10.10"]
[SourceVersion "1"]
[SourceVersionDate "2023.10.10"]
[SourceQuality "1"]

1. e4 c5 2. Nf3 d6 3. g3 g6 4. Bg2 Bg7 5. d3 Nc6 6. c3 Nf6 7. 0-0 0-0 8. Re1 Bg4 9. h3 Bxf3 10. Qxf3 Nd7 11. Qe2 Rb8 12. Be3 Qc7 13. Nd2 b5 14. Nf3 Nde5 15. Nxe5 Bxe5 16. Rad1 Bg7 17. d4 c4 18. f4 Rfd8 19. Qf2 a6 20. e5 d5 21. f5 gxf5 22. Qxf5 Qc8 23. Qh5 Qe6 24. h4 b4 25. Rf1 bxc3 26. bxc3 Rb2 27. Rd2 Rdb8 28. Rdf2 Nd8 29. Kh2 a5 30. Qf3 R8b5 31. Rxb2 Rxb2 32. Rf2 Rb5 33. Bh3 Qc6 34. Bf4 a4 1-0

[Event "Bucaramanga UDI-ch"]
[Site "Bucaramanga"]
[Date "2011.04.15"]
[Round "6.14"]
[White "Suarez Duarte, Walter Camilo"]
[Black "Acosta Cruz, Luis Ivan"]
[Result "1-0"]
[WhiteElo "1967"]
[BlackElo "1805"]
[PlyCount "39"]
[EventDate "2011.04.15"]
[EventType "swiss"]
[EventRounds "9"]
[EventCountry "COL"]
[SourceTitle "EXT 2024"]
[Source "ChessBase"]
[SourceDate "2023.10.10"]
[SourceVersion "1"]
[SourceVersionDate "2023.10.10"]
[SourceQuality "1"]

1. e4 e5 2. Nf3 Nc6 3. Bb5 a6 4. Ba4 Nf6 5. 0-0 Nxe4 6. d4 b5 7. Bb3 d5 8. dxe5 Be6 9. c3 Be7 10. Nbd2 Nc5 11. Bc2 d4 12. Nb3 Bxb3 13. axb3 d3 14. Bb1 b4 15. Be3 bxc3 16. bxc3 a5 17. Bxc5 Bxc5 18. Bxd3 0-0 19. Qe2 Re8 20. Qe4 1-0

[Event "COL-ch IRT U18 Zona North"]
[Site "Bucaramanga"]
[Date "2011.04.01"]
[Round "4.1"]
[White "Castro, Natalia Patricia"]
[Black "Suarez Duarte, Walter Camilo"]
[Result "0-1"]
[WhiteElo "2032"]
[BlackElo "1967"]
[PlyCount "70"]
[EventDate "2011.03.31"]
[EventType "swiss"]
[EventRounds "6"]
[EventCountry "COL"]
[SourceTitle "EXT 2024"]
[Source "ChessBase"]
[SourceDate "2023.10.10"]
[SourceVersion "1"]
[SourceVersionDate "2023.10.10"]
[SourceQuality "1"]

1. Nf3 Nf6 2. d4 g6 3. Nc3 d5 4. g3 Bg7 5. Bg2 0-0 6. 0-0 Bf5 7. Nh4 Ne4 8. Nxf5 gxf5 9. Bf4 c6 10. Nxe4 fxe4 11. Qd2 e6 12. f3 f5 13. fxe4 dxe4 14. c3 Nd7 15. Bg5 Qe8 16. Rf4 h6 17. Bh4 Nf6 18. Rff1 a5 19. Kh1 Qh5 20. Bxf6 Bxf6 21. g4 Qxg4 22. Qxh6 Qg7 23. Qxg7+ Kxg7 24. Rad1 a4 25. c4 Rfd8 26. d5 cxd5 27. cxd5 Rxd5 28. Rxd5 exd5 29. Rxf5 Rc8 30. Bf1 Rc1 31. Kg2 Rd1 32. b3 a3 33. e3 Ra1 34. Rf2 Bb2 35. Kh3 Rxa2 0-1

[Event "COL-ch IRT U18 Zona North"]
[Site "Bucaramanga"]
[Date "2011.04.01"]
[Round "3.2"]
[White "Suarez Duarte, Walter Camilo"]
[Black "Hernandez Fonseca, Maria Paula"]
[Result "1/2-1/2"]
[WhiteElo "1967"]
[BlackElo "1976"]
[PlyCount "40"]
[EventDate "2011.03.31"]
[EventType "swiss"]
[EventRounds "6"]
[EventCountry "COL"]
[SourceTitle "EXT 2024"]
[Source "ChessBase"]
[SourceDate "2023.10.10"]
[SourceVersion "1"]
[SourceVersionDate "2023.10.10"]
[SourceQuality "1"]

1. e4 c5 2. Nc3 Nc6 3. Nge2 d6 4. d4 cxd4 5. Nxd4 Nf6 6. Be3 e5 7. Nf3 Be6 8. Ng5 d5 9. exd5 Bxd5 10. Nxd5 Nxd5 11. Bc4 Nxe3 12. Qxd8+ Nxd8 13. fxe3 f6 14. Nf3 Bc5 15. Ke2 Nf7 16. Rad1 Nd6 17. Bb3 Ke7 18. Rd5 Bb6 19. Rhd1 Rhd8 20. a4 a5 1/2-1/2

[Event "Santander Region-ch"]
[Site "Bucaramanga"]
[Date "2010.12.18"]
[Round "3.1"]
[White "Sanchez, Sebastian Felipe"]
[Black "Suarez Duarte, Walter Camilo"]
[Result "0-1"]
[WhiteElo "2150"]
[BlackElo "1961"]
[PlyCount "89"]
[EventDate "2010.12.17"]
[EventType "swiss"]
[EventRounds "8"]
[EventCountry "COL"]
[SourceTitle "EXT 2024"]
[Source "ChessBase"]
[SourceDate "2023.10.10"]
[SourceVersion "1"]
[SourceVersionDate "2023.10.10"]
[SourceQuality "1"]

1. e4 e5 2. Nf3 Nc6 3. d4 exd4 4. Nxd4 Bc5 5. Be3 Qf6 6. Nb5 Bxe3 7. fxe3 Qd8 8. Qg4 Kf8 9. Qf4 d6 10. Bc4 Ne5 11. 0-0 Nf6 12. Be2 Ng6 13. Qf2 Qe7 14. N1c3 a6 15. Nd4 Kg8 16. Rae1 h6 17. Nd5 Nxd5 18. exd5 Ne5 19. Bd3 g6 20. Nf3 Ng4 21. Qg3 Kg7 22. Nd4 h5 23. h3 h4 24. Qf4 Ne5 25. Nf3 Rh5 26. Be2 Bd7 27. Nd2 Rg5 28. Kh1 Re8 29. Rg1 Rg3 30. Nf1 Rg5 31. e4 Qf6 32. Qxf6+ Kxf6 33. Kh2 Bb5 34. b3 Bxe2 35. Rxe2 Nd7 36. g3 Rge5 37. Nd2 hxg3+ 38. Rxg3 Kg7 39. Rge3 f5 40. Kg2 Nf6 41. c4 Nxe4 42. Nxe4 Rxe4 43. Rxe4 Rxe4 44. Rc2 b6 45. Rc3 0-1

[Event "Central America-ch U18"]
[Site "Medellin"]
[Date "2010.12.12"]
[Round "6"]
[White "Torres, Juan Camilo"]
[Black "Suarez Duarte, Walter Camilo"]
[Result "1-0"]
[WhiteElo "2180"]
[BlackElo "1961"]
[PlyCount "45"]
[EventDate "2010.12.09"]
[EventType "swiss"]
[EventRounds "7"]
[EventCountry "COL"]
[SourceTitle "EXT 2013"]
[Source "ChessBase"]
[SourceDate "2012.11.22"]
[SourceVersion "1"]
[SourceVersionDate "2012.11.22"]
[SourceQuality "1"]

1. d4 Nf6 2. Nf3 g6 3. c4 Bg7 4. Nc3 0-0 5. g3 d6 6. Bg2 Nc6 7. 0-0 a6 8. h3 Na5 9. b3 c5 10. Re1 Nd7 11. e4 Rb8 12. Bb2 b5 13. cxb5 axb5 14. dxc5 dxc5 15. e5 c4 16. Nd5 e6 17. Nf6+ Kh8 18. Ng5 Qc7 19. Ngxh7 c3 20. Qd4 Nxf6 21. Nxf6 Bh6 22. Qh4 Kg7 23. Bc1 1-0

[Event "COL-ch U18"]
[Site "Medellin"]
[Date "2009.12.18"]
[Round "8"]
[White "Suarez Duarte, Walter Camilo"]
[Black "Escobar Medina, Andres F"]
[Result "0-1"]
[WhiteElo "1971"]
[BlackElo "2092"]
[PlyCount "56"]
[EventDate "2009.12.15"]
[EventType "swiss"]
[EventRounds "8"]
[EventCountry "COL"]
[SourceTitle "EXT 2024"]
[Source "ChessBase"]
[SourceDate "2023.10.10"]
[SourceVersion "1"]
[SourceVersionDate "2023.10.10"]
[SourceQuality "1"]

1. d4 e6 2. Nf3 c5 3. e4 d6 4. Nc3 cxd4 5. Nxd4 a6 6. f3 Nf6 7. Be3 Bd7 8. Qd2 Qc7 9. g4 Be7 10. 0-0-0 b5 11. g5 Nh5 12. Qf2 Nc6 13. Bg2 Rc8 14. f4 b4 15. Nce2 Na5 16. Ng3 Nxg3 17. hxg3 Nc4 18. Bd2 e5 19. Nb3 a5 20. Kb1 a4 21. Na1 d5 22. Bh3 Bxh3 23. Rxh3 Bc5 24. Qe2 Bd4 25. Bc1 a3 26. Nb3 axb2 27. Bxb2 Bxb2 28. exd5 Na3+ 0-1

[Event "COL-ch U18"]
[Site "Medellin"]
[Date "2009.12.16"]
[Round "4"]
[White "Suarez Duarte, Walter Camilo"]
[Black "Rios Gomez, Cristhian Camilo"]
[Result "0-1"]
[WhiteElo "1971"]
[BlackElo "2225"]
[PlyCount "74"]
[EventDate "2009.12.15"]
[EventType "swiss"]
[EventRounds "8"]
[EventCountry "COL"]
[SourceTitle "EXT 2024"]
[Source "ChessBase"]
[SourceDate "2023.10.10"]
[SourceVersion "1"]
[SourceVersionDate "2023.10.10"]
[SourceQuality "1"]

1. e4 c5 2. Nf3 e6 3. d4 cxd4 4. Nxd4 Nf6 5. Nc3 d6 6. g4 h6 7. Bg2 Nc6 8. h3 Nxd4 9. Qxd4 e5 10. Qd3 Be6 11. 0-0 Be7 12. Nd5 Bxd5 13. exd5 0-0 14. Bd2 Nd7 15. b4 Bg5 16. Be4 Bxd2 17. Qxd2 Qh4 18. Qd3 Nf6 19. Rae1 h5 20. gxh5 Nxh5 21. Bf5 Nf4 22. Qg3 Qxg3+ 23. fxg3 Nxd5 24. a3 Ne7 25. Be4 d5 26. Bg2 e4 27. c4 f5 28. g4 g6 29. cxd5 Nxd5 30. h4 Rae8 31. h5 gxh5 32. gxf5 Nf6 33. Re3 Re7 34. Rfe1 Kh7 35. Bf3 Rg7+ 36. Bg2 Rfg8 37. R1e2 Nd5 0-1

[Event "Pan American-ch Schools U17"]
[Site "Columbia"]
[Date "2009.10.09"]
[Round "6"]
[White "Guelgua, Alvaro"]
[Black "Suarez Duarte, Walter Camilo"]
[Result "0-1"]
[WhiteElo "2020"]
[BlackElo "1946"]
[PlyCount "104"]
[EventDate "2009.10.07"]
[EventType "rapid"]
[EventRounds "7"]
[EventCountry "COL"]
[SourceTitle "CBM 132 Extra"]
[Source "ChessBase"]
[SourceDate "2009.11.03"]
[SourceVersion "1"]
[SourceVersionDate "2009.11.03"]
[SourceQuality "1"]

1. e4 c5 2. Nf3 Nc6 3. Nc3 e6 4. d4 cxd4 5. Nxd4 Qc7 6. g3 a6 7. Bg2 Nf6 8. 0-0 Be7 9. Kh1 h5 10. Bg5 d6 11. f4 Bd7 12. a4 Qb6 13. Nb3 Ng4 14. Bxe7 Kxe7 15. Qe2 Ne3 16. Rf3 Nxg2 17. Kxg2 Rad8 18. Rd1 Rhe8 19. Rfd3 Bc8 20. Qxh5 Nb4 21. a5 Qc7 22. R3d2 b5 23. axb6 Qxb6 24. Qg5+ Kf8 25. Qa5 Qb8 26. Nc5 Nc6 27. Qa4 dxc5 28. Qxc6 Rxd2+ 29. Rxd2 Qb4 30. Qd6+ Kg8 31. Qc6 Rf8 32. Qa4 Qxb2 33. Qb3 Qc1 34. Rd3 Bb7 35. Qa4 c4 36. Qxc4 Qxc2+ 37. Kf3 Rc8 38. Qd4 f5 39. Qd7 fxe4+ 40. Nxe4 Qc4 41. Rd4 Qf1+ 42. Kg4 Qe2+ 43. Kg5 Rf8 44. Qxe6+ Kh8 45. Qh3+ Kg8 46. Qe6+ Kh8 47. Kg6 Bc8 48. Qe5 Qg4+ 49. Ng5 Bf5+ 50. Qxf5 Qxf5+ 51. Kh5 g6+ 52. Kh6 Qb1 0-1

[Event "Pan American-ch Schools U17"]
[Site "Columbia"]
[Date "2009.10.08"]
[Round "5"]
[White "Suarez Duarte, Walter Camilo"]
[Black "Duran, Fabian Alberto"]
[Result "1-0"]
[WhiteElo "1946"]
[BlackElo "1850"]
[PlyCount "79"]
[EventDate "2009.10.07"]
[EventType "rapid"]
[EventRounds "7"]
[EventCountry "COL"]
[SourceTitle "CBM 132 Extra"]
[Source "ChessBase"]
[SourceDate "2009.11.03"]
[SourceVersion "1"]
[SourceVersionDate "2009.11.03"]
[SourceQuality "1"]

1. d4 Nf6 2. c4 g6 3. Nc3 d5 4. cxd5 Nxd5 5. e4 Nxc3 6. bxc3 Bg7 7. Bc4 c5 8. Be3 Nc6 9. Ne2 0-0 10. 0-0 Bg4 11. f3 Na5 12. Bxf7+ Rxf7 13. fxg4 Rxf1+ 14. Kxf1 cxd4 15. cxd4 e5 16. d5 Nc4 17. Qd3 Nd6 18. Kg1 Qd7 19. h3 Qa4 20. Rb1 Rc8 21. Nc3 Qa3 22. Rb3 Qa5 23. Bd2 Qc5+ 24. Kh2 Qd4 25. Qe2 b6 26. Be3 Qc4 27. Qd2 Nxe4 28. Nxe4 Qxe4 29. Rd3 Rd8 30. d6 Qc6 31. d7 e4 32. Rd5 Bc3 33. Qd1 Bf6 34. Bf4 Qc3 35. g5 Bg7 36. Qb3 Qxb3 37. axb3 e3 38. Bc7 e2 39. Bxd8 e1Q 40. Bf6 1-0

[Event "Paipa Intercol Nacional B"]
[Site "Paipa"]
[Date "2009.08.12"]
[Round "3.1"]
[White "Suarez Duarte, Walter Camilo"]
[Black "Torres, Juan Camilo"]
[Result "0-1"]
[WhiteElo "1954"]
[BlackElo "2155"]
[PlyCount "80"]
[EventDate "2009.08.08"]
[EventType "swiss"]
[EventRounds "5"]
[EventCountry "COL"]
[SourceTitle "EXT 2024"]
[Source "ChessBase"]
[SourceDate "2023.10.10"]
[SourceVersion "1"]
[SourceVersionDate "2023.10.10"]
[SourceQuality "1"]

1. d4 d5 2. Nf3 c6 3. e3 Bg4 4. Nbd2 Nd7 5. h3 Bh5 6. Be2 Ngf6 7. 0-0 e6 8. Ne5 Bxe2 9. Qxe2 Bd6 10. f4 Ne4 11. Nxe4 dxe4 12. Nc4 Be7 13. b3 0-0 14. a4 Nf6 15. Nd2 Bb4 16. Bb2 Qa5 17. Nc4 Qa6 18. c3 Be7 19. Rfe1 Nd5 20. Qc2 Bh4 21. Re2 f5 22. Kh2 Bf6 23. Rg1 b5 24. axb5 cxb5 25. Ra1 Qc6 26. Na5 Qc7 27. Qd2 g5 28. g3 Nb6 29. Kh1 Rf7 30. Rg2 Rg7 31. c4 bxc4 32. Rc1 c3 33. Rxc3 Qf7 34. Qe2 Nd5 35. Rc1 Kh8 36. Nc4 Rag8 37. Rcg1 Qb7 38. Qd1 Rb8 39. Nd6 Qb4 40. Nc4 Qxb3 0-1

[Event "Bogota IRT op"]
[Site "Bogota"]
[Date "2009.05.01"]
[Round "5"]
[White "Morales, Jhon Alexander"]
[Black "Suarez Duarte, Walter Camilo"]
[Result "1-0"]
[WhiteElo "2316"]
[BlackElo "1984"]
[PlyCount "79"]
[EventDate "2009.04.30"]
[EventType "swiss"]
[EventRounds "9"]
[EventCountry "COL"]
[SourceTitle "CBM 130 Extra"]
[Source "ChessBase"]
[SourceDate "2009.07.02"]
[SourceVersion "2"]
[SourceVersionDate "2009.07.15"]
[SourceQuality "1"]

1. e4 e5 2. Nf3 Nc6 3. Bb5 a6 4. Bxc6 dxc6 5. 0-0 f6 6. d4 exd4 7. Nxd4 c5 8. Ne2 Qxd1 9. Rxd1 Bd6 10. Bf4 Bxf4 11. Nxf4 Ne7 12. Nc3 Bd7 13. Rd2 0-0-0 14. Rad1 Rhe8 15. Nh5 Rg8 16. f3 Nc6 17. Kf2 Be6 18. Rxd8+ Nxd8 19. g4 Nc6 20. b3 Nd4 21. Rd2 Bf7 22. Ng3 g6 23. h4 b5 24. Nd5 Bxd5 25. exd5 b4 26. Ne4 a5 27. Nxc5 Nb5 28. Ne4 f5 29. gxf5 gxf5 30. Ng3 Rf8 31. Ne2 Rd8 32. Ke3 Rd6 33. Ng3 Rf6 34. Kf4 Kd7 35. Ke5 Rf7 36. Nxf5 Nc3 37. Rg2 Nxd5 38. Nh6 Rf6 39. Rg7+ Kd8 40. Nf7+ 1-0

[Event "COL-ch U20"]
[Site "Bogota"]
[Date "2009.04.05"]
[Round "5.17"]
[White "Suarez Duarte, Walter Camilo"]
[Black "Ossa Ochoa, Juan Sebastian"]
[Result "0-1"]
[WhiteElo "1984"]
[BlackElo "1892"]
[PlyCount "104"]
[EventDate "2009.04.03"]
[EventType "swiss"]
[EventRounds "7"]
[EventCountry "COL"]
[SourceTitle "EXT 2024"]
[Source "ChessBase"]
[SourceDate "2023.10.10"]
[SourceVersion "1"]
[SourceVersionDate "2023.10.10"]
[SourceQuality "1"]

1. d4 Nf6 2. Nf3 g6 3. c4 d6 4. Nc3 Bg7 5. e4 0-0 6. Be2 e5 7. 0-0 Nc6 8. d5 Ne7 9. Ne1 Nd7 10. Nd3 f5 11. f3 f4 12. b4 a5 13. bxa5 Rxa5 14. Bd2 Ra8 15. a4 g5 16. Nb5 h5 17. a5 Ng6 18. Bb4 Nf6 19. Rc1 g4 20. c5 Ra6 21. cxd6 cxd6 22. Nc7 g3 23. Nxa6 bxa6 24. Rc6 Ne8 25. Rxc8 Qxc8 26. h3 Rf7 27. Qd2 Bf8 28. Rc1 Qa8 29. Nb2 Nh4 30. Nc4 Qa7+ 31. Nb6 Rb7 32. Bf1 Nf6 33. Kh1 Rg7 34. Qd3 Qf7 35. Rc8 Kh7 36. Ra8 Ng4 37. Be1 Ne3 38. Qe2 Be7 39. Ra7 Qe8 40. Rxa6 Qb8 41. Ra8 Qb7 42. Bd2 Bg5 43. Rc8 Ng4 44. Rc1 Nf2+ 45. Kg1 Bd8 46. Be1 Nxh3+ 47. Kh1 Ng5 48. Qa6 Qe7 49. Qc8 Ng6 50. Bb4 Rf7 51. Be2 Nf8 52. Nc4 Nge6 0-1